000 00661 a2200205 4500
001 63034
005 20260407155925.0
008 260407a1984 arg spa d
003 AR-UNSa-BCEJYS
040 _aAR-UNSa-BCEJYS
_bspa
_cAR-UNSa-BCEJYS
080 _a35.077
_xFunciones, actuaciones de los órganos
245 1 0 _aTécnicas de apoyo a la toma de decisiones en la administración pública
020 _a978-84-7351-176-6
264 1 _aMadrid :
_bInstituto Nacional de Administración Pública (INAP)
_c1984
300 _a209 p.
_c19 cm.
041 _aspa
942 _cBK
590 _aniveau_biblio:m niveau_hierar:0
100 1 _aBarba-Romero, Sergio
999 _c7935
_d7935